| 000 | nam a22 4500 | ||
|---|---|---|---|
| 999 |
_c30032 _d30032 |
||
| 008 | 190128b xxu||||| |||| 00| 0 eng d | ||
| 020 | _a9789966344854 | ||
| 020 | _a9966342583 | ||
| 041 | _aSwahili | ||
| 050 |
_aPL8704 .A2 _bW35 2007 |
||
| 100 | _aWalibora, Ken | ||
| 245 |
_aDamu nyeusi : _bna hadithi nyingine / _cKen Walibora and Said Ahmed Mohamed |
||
| 260 |
_aNairobi : _bMoran Publishers, _cc2007. |
||
| 300 |
_aVIII, 124 p. : _bill. ; _c24 cm. |
||
| 440 | _aToleo la shule lililoidhinishwa | ||
| 650 |
_aKiswahili _xFasihi |
||
| 700 | _aMohamed Said Ahmed | ||
| 942 |
_2lcc _cBOOKS _hPL8704 .A2W35 2007 _016 |
||